| 000 | 02225agaaa2200325 4500 | ||
|---|---|---|---|
| 001 | 7857 | ||
| 003 | IT-RoPAU | ||
| 005 | 20220918181228.0 | ||
| 007 | d cvaizq | ||
| 008 | 50131s9999||||xx ||| | || ||und|| | ||
| 040 |
_aIT-RoPAU _cIT-RoPAU |
||
| 041 | _aITALIANO | ||
| 100 |
_aWenders Wim _gCodice regista SPICS: 499 _939244 |
||
| 130 |
_aPARIS, TEXAS _939245 |
||
| 245 |
_aPARIS, TEXAS _cSceneggiatura: Shepard Sam Carson Kit L.M. -- Diretto da: Wenders Wim _pPARIS, TEXAS (Rif. Codice opera principale : H7857) |
||
| 250 | _aEdizione Standard | ||
| 260 |
_aBERLINO (FRA - GER - UK - USA) _bROAD MOVIES - ARGOS FILM / Distribuzione: CIAK _g"1984 (1° ed.: 2007 ; Ed. Lingua Orig.: 1984)" |
||
| 300 |
_aDVD _bsonoro, col. _c139 minuti |
||
| 508 | _a"Fotografia: Muller Robby; Montaggio: Przygodda Peter; Musica: Cooder Ry; Sceneggiatura: Shepard Sam Carson Kit L.M.; Scenografia: Altman Kate; Soggetto: Shepard Sam -- Carson Kit L.M." | ||
| 511 | _a"Kinski Nastassja; Stanton Harry; Dean; Stockwell Dean; Clement Aurore; Carson Hunter" | ||
| 520 | _a"DATO PER DISPERSO, TRAVIS E' RACCOLTO AI MARGINI DEL DESERTO TEXANO. TORNATO IN FAMIGLIA TROVA IL FIGLIOLETTO HUNTER, CHE LA MOGLIE JANE PRIMA DI SPARIRE ANCHE LEI, AVEVA AFFIDATO AI COGNATI. UN GIORNO, SAPUTO CHE LA DONNA COMPIE OGNI MESE UN VERSAMENTO A FAVORE DEL FIGLIO, PARTE CON LUI A RICERCARLA. TRAVIS E JANE SI RITROVERANNO IN UN PEEP SHOW DOVE, IN UNA DRAMMATICA CONVERSAZIONE TRAMITE L'INTERFONICO, CHIARIRANNO I MOTIVI DELLA LORO SEPARAZIONE PER POI DI NUOVO LASCIARSI... PALMA D'ORO E PREMIO FIPRESCI AL FESTIVAL DI CANNES 1984. CONTENUTI EXTRA: TRAILER CINEMATOGRAFICO; COMMENTO AL FILM DI WIM WENDERS; CIAK E SCENE TAGLIATE COMMENTATE DA WIM WENDERS; BACKSTAGE S8; INTERVISTA A WIM WENDERS." | ||
| 538 | _aPAL, STEREO | ||
| 546 | _aITALIANO | ||
| 650 |
_aDRAMMATICO _eDVD-FILM [DVD] _xCodice MATERIA SPICS: 9947 _939246 |
||
| 700 |
_aCarson Kit L.M. _e(soggetto) _gCodice Soggetto 2° SPICS: 18980 _939247 |
||
| 700 |
_aCooder Ry _e(musica) _gCodice Musica SPICS: 11321 _939248 |
||
| 700 |
_aShepard Sam _e(soggetto) _gCodice Soggetto SPICS: 22867 _939249 |
||
| 700 |
_aWenders Wim _e(regista) _gCodice regista SPICS: 499 _939250 |
||
| 942 |
_cDV _2ddc |
||
| 999 |
_c105062 _d105062 |
||